000 00665nam a2200205 i 4500
001 145727
003 ES-MaACL
005 20250523142803.0
007 t|
008 071016s1915 sp ||||1| spa d
100 1 _aVera, Francisco,
_d1888-1967
_9113943
245 1 0 _aWagner
_b: su vida y sus obras /
_cpor Francisco Vera.
260 _aParís ; Buenos Aires :
_bEdit. Hispano-Americana,
_c[ca. 1915]
300 _a191 p. :
_bil. ;
_c19 cm.
490 1 _aLos grandes músicos
600 1 4 _aWagner, Richard,
_d1813-1883-
_xBiografías
_9115850
830 0 _aLos grandes músicos
_9220793
852 _aES-MaACL
_jF-8979
999 _c145727
_d145727